តើគោនៅឯណា ? / (Record no. 4653)

MARC details
000 -LEADER
fixed length control field 01410nam a22003017a 4500
001 - CONTROL NUMBER
control field 4653
003 - CONTROL NUMBER IDENTIFIER
control field FISKH
005 - DATE AND TIME OF LATEST TRANSACTION
control field 20240919090115.0
008 - FIXED-LENGTH DATA ELEMENTS--GENERAL INFORMATION
fixed length control field 240919b cb ||||| |||| 00| 0 eng d
040 ## - CATALOGING SOURCE
Original cataloging agency FISKH
Language of cataloging Khmer
Transcribing agency FISKH
Modifying agency FISKH
050 ## - LIBRARY OF CONGRESS CALL NUMBER
Classification number PZ7
082 ## - DEWEY DECIMAL CLASSIFICATION NUMBER
Classification number 800
100 ## - MAIN ENTRY--PERSONAL NAME
Personal name Reaksmey, Am
Relator term author
245 ## - TITLE STATEMENT
Title តើគោនៅឯណា ? /
Statement of responsibility, etc. by Am Reaksmey
250 ## - EDITION STATEMENT
Edition statement បោះពុម្ពលើកទី១ខែកក្កដាឆ្នាំ២០០៧
260 ## - PUBLICATION, DISTRIBUTION, ETC.
Place of publication, distribution, etc. ភ្នំពេញ :
Name of publisher, distributor, etc. កិច្ចសហប្រតិបត្តិការអភិវឌ្ឍន៍ប៊ែលហ្ស៊ិក ;
Date of publication, distribution, etc. ២០០៧​ .
300 ## - PHYSICAL DESCRIPTION
Extent 8 pages :
Other physical details color illustrations ;
Dimensions 25 cm .
505 ## - FORMATTED CONTENTS NOTE
Formatted contents note C <br/>
520 ## - SUMMARY, ETC.
Summary, etc. ខ្ញុំមានគោមួយឈ្មោះអាត្នោត​។​តែខ្ញុំមិនដឺងវាទៅណាទេ ។ ខ្ញុំរកវាគ្រប់ទីកន្លែងនៅតែមិនឃើញ ។
520 ## - SUMMARY, ETC.
Summary, etc. I have a cow named Ah Tnoat. But I do not know where it goes. I find it everywhere, still not found.
521 8# - TARGET AUDIENCE NOTE
Target audience note 100 <br/>
Source Lexile estimate <br/>
521 8# - TARGET AUDIENCE NOTE
Target audience note C <br/>
Source Raz-Plus <br/>
650 ## - SUBJECT ADDED ENTRY--TOPICAL TERM
Topical term or geographic name entry element អាត្នោត​
Form subdivision រឿងនិទានកុមារ
650 ## - SUBJECT ADDED ENTRY--TOPICAL TERM
Topical term or geographic name entry element Ah thoat
Form subdivision children's stories
700 ## - ADDED ENTRY--PERSONAL NAME
Personal name Rotha, Ouk
Relator term illustrator
942 ## - ADDED ENTRY ELEMENTS (KOHA)
Source of classification or shelving scheme Dewey Decimal Classification
Koha item type Khmer Books
Suppress in OPAC No
Holdings
Withdrawn status Lost status Source of classification or shelving scheme Damaged status Not for loan Collection Home library Current library Shelving location Date acquired Total Checkouts Full call number Barcode Date last seen Copy number Price effective from Koha item type
    Dewey Decimal Classification     Khmer Language Books / សៀវភៅភាសាខ្មែរ Footprints International School Library Network Toul Tom Poung Campus Footprints International School Library Network Toul Tom Poung Campus TTP Primary Khmer Bookshelves 09/19/2024   REA PZ7 800 FIS03422 09/19/2024 1 09/19/2024 Khmer Books
    Dewey Decimal Classification     Khmer Language Books / សៀវភៅភាសាខ្មែរ Footprints International School Library Network Toul Tom Poung Campus Footprints International School Library Network Toul Tom Poung Campus TTP Primary Khmer Bookshelves 09/19/2024   REA PZ7 800 FIS03412 05/26/2025 2 09/19/2024 Khmer Books
    Dewey Decimal Classification     Khmer Language Books / សៀវភៅភាសាខ្មែរ Footprints International School Library Network Toul Tom Poung Campus Footprints International School Library Network Toul Tom Poung Campus TTP Primary Khmer Bookshelves 09/19/2024   REA PZ7 800 FIS03419 09/19/2024 3 09/19/2024 Khmer Books
    Dewey Decimal Classification     Khmer Language Books / សៀវភៅភាសាខ្មែរ Footprints International School Library Network Toul Tom Poung Campus Footprints International School Library Network Toul Tom Poung Campus TTP Primary Khmer Bookshelves 09/19/2024   REA PZ7 800 FIS03385 09/19/2024 4 09/19/2024 Khmer Books
    Dewey Decimal Classification     Khmer Language Books / សៀវភៅភាសាខ្មែរ Footprints International School Library Network Toul Tom Poung Campus Footprints International School Library Network Toul Tom Poung Campus TTP Primary Khmer Bookshelves 08/22/2025   REA PZ7 800 2025-4202 08/22/2025 5 08/22/2025 Khmer Books
    Dewey Decimal Classification     Khmer Language Books / សៀវភៅភាសាខ្មែរ Footprints International School Library Network Toul Tom Poung Campus Footprints International School Library Network Toul Tom Poung Campus TTP Primary Khmer Bookshelves 03/23/2026   REA PZ7 800 FISBK03427 03/23/2026 6 03/23/2026 Khmer Books
    Dewey Decimal Classification     Khmer Language Books / សៀវភៅភាសាខ្មែរ Footprints International School Library Network Toul Tom Poung Campus Footprints International School Library Network Toul Tom Poung Campus TTP Primary Khmer Bookshelves 04/22/2026   REA PZ7 800 FISBK03415 04/22/2026 7 04/22/2026 Khmer Books